Dynamic regression (Record no. 501508)

MARC details
000 -LEADER
fixed length control field 00796nam a2200253Ia 4500
003 - CONTROL NUMBER IDENTIFIER
control field OSt
005 - DATE AND TIME OF LATEST TRANSACTION
control field 20220925182153.0
008 - FIXED-LENGTH DATA ELEMENTS--GENERAL INFORMATION
fixed length control field 220923b |||||||| |||| 00| 0 eng d
037 ## - SOURCE OF ACQUISITION
Terms of availability General Book
040 ## - CATALOGING SOURCE
Original cataloging agency RTL
Transcribing agency RTL
Language of cataloging eng
041 ## - LANGUAGE CODE
Source of code eng
Language code of text/sound track or separate title eng
100 ## - MAIN ENTRY--PERSONAL NAME
Personal name Pesaran M H
9 (RLIN) 255574
245 #0 - TITLE STATEMENT
Title Dynamic regression
Remainder of title Theory and algorithms
260 ## - PUBLICATION, DISTRIBUTION, ETC.
Place of publication, distribution, etc. Chichester
Name of publisher, distributor, etc. Ellis Horwood
Date of publication, distribution, etc. 1980
300 ## - PHYSICAL DESCRIPTION
Extent 363p. Bib p349-55,Appendix p335-48
Dimensions cm.
490 ## - SERIES STATEMENT
Series statement Ellis horwood series in computers and their applications
650 ## - SUBJECT ADDED ENTRY--TOPICAL TERM
Topical term or geographic name entry element Operations Rersearch Economics
700 ## - ADDED ENTRY--PERSONAL NAME
Personal name Slater L J
9 (RLIN) 249055
942 ## - ADDED ENTRY ELEMENTS (KOHA)
Classification part X:(D6,9(B), M0
Koha item type General Books
Source of classification or shelving scheme Colon Classification (CC)
Holdings
Withdrawn status Lost status Damaged status Not for loan Home library Current library Date acquired Total Checkouts Full call number Barcode Date last seen Price effective from Koha item type
        Ratan Tata Library Ratan Tata Library 2022-09-25   X:(D6,9(B) M0 RT0720620 2022-09-25 2022-09-25 General Books
Copyright @ Delhi University Library System